000 00466nam a22001817a 4500
003 LK-CoDNM
005 20250123131253.0
008 250123b |||||||| |||| 00| 0 eng d
040 _aLK-CoDNM
_dLK-CoDNM
_eLK-CoDNM
041 _aeng
080 _a13
_bD19
100 _aScott,William Berryman
245 _aThe theory of evolution
260 _aNew york
_bThe Macmillan Company
_c1923
300 _avii, 183p. : ill ; 19 cm
650 _aAnimals
942 _cBK
999 _c237319
_d237319